000 01089nam a2200265 i 4500
001 190739
003 ES-MaACL
005 20240410104037.0
008 220524s1969 sp 000 0 spa
080 _a612.332.7-015.3(043.2)
100 1 _aBalasch Martín, Jorge.
_924829
245 1 0 _aMetabolismo de la mucosa intestinal en relación con la absorción de azúcares /
_cpor Jorge Balasch Martín.
260 _aBarcelona :
_b[Universidad, Facultad de Farmacia],
_c1969 (
_fIvern)
300 _a21 p. ;
_c24 cm.
502 _aTesis-Univ. Barcelona (Extracto)
504 _aBibliografía: p. 21.
594 _aPrecede al tít.: Universidad de Barcelona. Secretariado de Publicaciones, Intercambio Científico y Extensión Universitaria
650 4 _aHidratos de carbono-
_xMetabolismo.
_9144453
650 4 _aAbsorción intestinal.
_9174596
655 _aTesis y escritos académicos
_9226867
710 2 _aUniversidad de Barcelona.
_bFacultad de Farmacia.
_97148
852 4 _aES-MaACL
_jP-1416 (3)
_9197921
_bR-68611
_cDEPO2
942 _2udc
999 _c190739
_d190739